000 01934nam a22002777a 4500
003 DO-SdBNP
005 20240514093603.0
007 ta
008 210903e2021 dr ac||fr|||| 001 0 spa d
020 _a9789945097153
040 _aDO-SdBNP
_bspa
_cBNPHU
_erda
082 4 _222
_bR457c
100 1 _aReyes, Gerónimo
_979740
_eautor
245 1 0 _aCrisis de racionalidad:
_birracionalidad institucionalizada /
_cGerónimo Reyes.
264 1 _aSanto Domingo :
_bSoto Castillo,
_c2021
300 _a246 páginas;
_bIlustraciones., retratos ;
_c22 cm
336 _2rdacontent
_atexto
_btxt
337 _2rdamedia
_asin mediación
_bn
338 _2rdacarrier
_avolumen
_bnc
504 _aBibliografía: página 247
505 _tCapítulo 1. El principio de la soberanía.--
_tCapítulo 2. Objetivos comunes.--
_tCapítulo 3. Sistema para regular poderes de presidentes.--
_tCapítulo 4. Como establecer igualdad de oportunidad.--
_tCapítulo 5. Constituciones irracionales vs. Colapso de naciones.--
_tCapítulo 6. Congreso inconstitucional.--
_tCapítulo 7. Gobernabilidad populista.--
_tCapítulo 8. Caos de gobernabilidad.--
_tCapítulo 9. Derecho a elegir y ser elegido.--
_tCapítulo 10. Control de la corrupción.--
_tCapítulo 11. Control de la delincuencia.--
_tCapítulo 12. Remediación del medio ambiente.--
_tCapítulo 13. Retos del sistema impositivo.--
_tCapítulo 14. Reto en la producción agropecuaria.--
_tCapítulo 15. Manipulación de la salud pública.--
_tCapítulo 16. Saneamiento de las conquistas laborales.--
_tCapítulo 17. Tentáculos del dinero sucio.
_tCapítulo 18. Depredación financiera de los pueblos.--
_tCapítulo 19. Fundamentos del desarrollo sostenible.--
_tCapítulo 20. Proyecto modelo de Constitución.--
_tBiografía.
590 _aInventariado 2024 / MF
650 4 _aPolítica y gobierno
_zRepública Dominicana
_979280
650 4 _aCorrupción administrativa
_zRepública Dominicana
_978590
942 _2ddc
_cLBS1
999 _c50405
_d50405